Introductory econometrics : a modern approach
Guardat en:
| Autor principal: | |
|---|---|
| Format: | Llibre |
| Publicat: |
Cengage
|
| Etiquetes: |
Sense etiquetes, Sigues el primer a etiquetar aquest registre!
|
MARC
| LEADER | 00000nam a2200000Ia 4500 | ||
|---|---|---|---|
| 005 | 20260515061616.0 | ||
| 100 | |a Wooldridge, Jeffrey M., | ||
| 020 | |a 9789355731074 | ||
| 942 | |c BK | ||
| 245 | |a Introductory econometrics : a modern approach | ||
| 260 | |b Cengage | ||
| 999 | |c 38 |d 38 | ||
| 952 | |0 0 |1 0 |4 0 |7 0 |a ABDN |b ABDN |d 2026-05-15 |l 0 |p 000068 |r 2026-05-15 06:16:16 |w 2026-05-15 |y BK | ||